MARC

LEADER 00000nas a2200000 a 4500
001 ssj0000177
003 WaSeSS
005 20200512172242.0
006 m d
007 cr n
008 980417c19429999dcuqr pss 0 a0eng c
010 |a  2007215764 
015 |a GBB605129  |2 bnb 
016 7 |a 016008876  |2 Uk 
016 7 |a 2066310-9  |2 DE-600 
022 |a 1939-926X  |l 0014-4940  |y 0014-4940 
035 |a (WaSeSS)ssj0000177 
037 |b Heldref Publications, 1319 Eighteenth St., N.W., Washington, DC 20036-1806 
040 |a FGA  |b eng  |e pn  |c FGA  |d OCL  |d OCLCQ  |d NSD  |d CUD  |d OCLCG  |d CFI  |d OCLCQ  |d MUX  |d LGG  |d AUD  |d CNTRU  |d OCLCE  |d OCLCQ  |d UKMGB  |d OCLCQ  |d OCLCO  |d OCLCQ  |d COO  |d OCLCO  |d OCLCF  |d OCLCO  |d OCLCQ  |d TSC  |d NLE  |d SAV  |d DLC  |d AU@  |d VT2  |d WaSeSS 
042 |a pcc  |a nsdp 
050 0 0 |a PR1 
082 1 0 |a 820  |2 14 
130 0 |a Explicator (Online) 
222 4 |a The explicator  |b (Online) 
245 1 4 |a The Explicator  |h [electronic resource]. 
260 |a Washington, DC :  |b HELDREF Publications,  |c 1942- 
310 |a Quarterly,  |b 1977- 
321 |a Frequency varies,  |b 1942-1976 
362 1 |a Began with Vol. 1, issue 1 (1942). 
506 |a License restrictions may limit access. 
538 |a Mode of access: World Wide Web. 
588 |a Description based on: Vol. 1, issue 1 (1942); title from journal cover image on homepage (publisher's Web site, viewed Apr. 16, 1998). 
588 |a Latest issue consulted: Vol. 76, issue 2 (2018) (Taylor & Francis Online, viewed May 30, 2018). 
650 0 |a English literature  |x History and criticism  |v Periodicals. 
650 0 |a American literature  |x History and criticism  |v Periodicals. 
650 7 |a American literature.  |2 fast  |0 (OCoLC)fst00807113 
650 7 |a English literature.  |2 fast  |0 (OCoLC)fst00911989 
655 0 |a Electronic journals. 
776 0 8 |i Also issued in print:  |t Explicator  |x 0014-4940  |w (DLC) 47041241  |w (OCoLC)1327211 
850 |a DLC 
856 4 0 |z Full text available from Research Library: 01/01/1988 to 10/31/2010  |u https://search.proquest.com/publication/42195